01506nam a2200325 i 4500001000300000245017700003246012400180246002600304250001800330260006500348300002700413490004900440500022600489504001200715650001700727650005300744650001500797650002400812650003000836655001800866700004600884700003100930830003300961020001800994040000801012041001301020044000801033008004101041856009801082bg00aSterowanie silników o zapłonie iskrowym :bzasada działania, podzespoły /c[tł. z jęz. niem. Krzysztof Wituszyński, Jacek Łęgiewicz (uzup. do 2 wyd.)] ; Bosch.1 iTyt. oryg. :aOttomotor-Management Grundlagen und Komponenten Technische Unterrichtung Motorsteuerung für Ottomotoren18aInformator techniczny aWyd. 2 rozsz. aWarszawa :bWydawnictwa Komunikacji i Łączności,c2008. a87 s. :bil. ;c30 cm.1 aInformatory Techniczne Bosch : edycja polska aNa okł. podtyt.: elektroniczny pedał przyspieszenia EGAS, bezpośredni wtrysk benzyny, katalizator zasobnikowy NOx. U góry okł.: Informator techniczny : sterowanie silników ZI : wydanie 2008. Technika samochodowa. aIndeks. 9aKatalizatory 9aSilniki samochodowexurządzeniaxautomatyzacja 9aSterowanie 9aŚwiece zapłonowe 9aUkład paliwowo-wtryskowy aPodręczniki1 aWituszyński, Krzysztofd(1940- ).eTł.1 aŁęgiewicz, Jacek.eTł. 0aInformatory Techniczne Bosch a9788320616965 cBPK1 apolhger aPOL s pl f |000 0 pol  uhttp://koha.tu.koszalin.pl/cgi-bin/koha/opac-detail.pl?biblionumber=49158yKatalog online BPK